| 000 | 00451nam a2200181Ia 4500 | ||
|---|---|---|---|
| 003 | LK-CoDNM | ||
| 005 | 20240227125053.0 | ||
| 008 | 010623t1908 xxu||||| |||| 00| 1 sin d | ||
| 040 |
_aLK-CoDNM _dLK-CoDNM _eLK-CoDNM |
||
| 041 | _asin | ||
| 080 | _a104 V9 | ||
| 245 | _aදෙව්දත් කථාව | ||
| 246 | _aDevdath kathaava | ||
| 260 |
_bR.A.Cooray _aColombo _c1908 |
||
| 300 |
_bDamaged _a33p.,25 cm |
||
| 650 | _aDevdath | ||
| 942 | _cBK | ||
| 999 |
_c86890 _d86890 |
||